Statistics for Map of Africa with Country Flags

Click here to take the quiz!

General Stats

  • This quiz has been taken 467 times
    (424 since last reset)
  • The average score is 41 of 56

Answer Stats

Flag% Correct
92%
90%
90%
89%
89%
82%
81%
80%
80%
80%
80%
79%
79%
78%
77%
77%
77%
76%
76%
75%
75%
75%
74%
74%
74%
74%
74%
73%
73%
72%
72%
72%
72%
71%
71%
71%
71%
71%
70%
70%
69%
69%
69%
69%
69%
69%
69%
69%
68%
68%
68%
67%
67%
63%
61%
40%

Score Distribution

Percentile by Number Answered

Percent of People with Each Score

Your Score History

You have not taken this quiz since the last reset